000 00210nam a22000857a 4500
008 170128b xxu||||| |||| 00| 0 eng d
100 _92624
_aVaidyanathan.M
245 _aAbc in Rhymes
260 _aNew delhi
_bABD
_c2010
999 _c5767
_d5767